Understanding schemas and Young children

Պահպանված է:
Մատենագիտական մանրամասներ
Հիմնական հեղինակ: ATHERTON, Frances
Ձևաչափ: Գիրք
Լեզու:անգլերեն
Հրապարակվել է: : Sage Publications, 2013
Ցուցիչներ: Ավելացրեք ցուցիչ
Չկան պիտակներ, Եղեք առաջինը, ով նշում է այս գրառումը!

MARC

LEADER 00000nam a22000007a 4500
008 210526b ||||| |||| 00| 0 eng d
020 |a ISBN: 978-1-4462-4894-2  
100 |a ATHERTON, Frances. 
245 |a Understanding schemas and Young children  |c Frances Atherton and Cathy Nutbrown  |g  xii:209p.; ill. 
260 |b : Sage Publications,   |c  2013  |h Los Angeles  |i 692423   |i  692424 Soc. Sci,  |l BF723. S17 .At4  |m Schemas (Psychology) in children   |m Children psychology  |m Educational psychology   |m Cognition in children  |m  Nutbrown, Cathy   |m II. Title  
500 |a  ‘‘It includes index and references’’ 
942 |a lcc  |c BK  |e j o ifatola  |f 26/ 5/ 202021 
952 |0 0  |1 0  |2 lcc  |4 0  |6 BF0723 S17 A T4  |7 0  |9 2453  |a HOL  |b HOL  |c AF  |d 2021-05-26  |l 0  |o BF723. S17 .At4  |p 2021-6305  |r 2021-05-26 00:00:00  |w 2021-05-26  |y BK 
952 |0 0  |1 0  |2 lcc  |4 0  |6 BF0723 S17 A T4  |7 0  |9 2454  |a HOL  |b SSL  |c AF  |d 2021-05-26  |l 0  |o BF723. S17 .At4  |p 2021-6306  |r 2021-05-26 00:00:00  |w 2021-05-26  |y BK 
999 |c 1278  |d 1278